La enseñanza de la filosofía
Guardat en:
| Autor principal: | |
|---|---|
| Format: | Llibre |
| Idioma: | anglès |
| Publicat: |
Bogotá, Colombia:
Bonaventuriana,
2007
|
| Col·lecció: | Filosófica;
Número 6 |
| Matèries: | |
| Etiquetes: |
Afegir etiqueta
Sense etiquetes, Sigues el primer a etiquetar aquest registre!
|
MARC
| LEADER | 00000nam a22000007a 4500 | ||
|---|---|---|---|
| 003 | CL-VaPUC | ||
| 005 | 20220708102831.0 | ||
| 008 | 220425b2007 ||||| |||| 00| 0 eng d | ||
| 999 | |c 435494 |d 435492 | ||
| 020 | |a 978-958-98308-2-6 | ||
| 040 | |c Pontificia Universidad Católica de Valparaíso | ||
| 082 | 0 | 4 | |2 22 |a 107 GOM 2007 |
| 100 | 1 | |a Gómez Pardo, Rafael |e autor |9 868755 | |
| 245 | 1 | 3 | |a La enseñanza de la filosofía |
| 260 | |a Bogotá, Colombia: |b Bonaventuriana, |c 2007 | ||
| 300 | |a 307 páginas | ||
| 490 | 0 | |a Filosófica; |v Número 6 | |
| 500 | |a C1. Donación Facultad de Teología, libro pertenciente a la Profesora Eugenia Colomer (Q.E.P.D). Correo en papel 31/03/2022 | ||
| 583 | |c 20220425 |k Catalogador Asistente | ||
| 650 | 1 | |a Enseñanza de la filosofía |9 256848 | |
| 650 | 1 | |a Didáctica de la filosofía |9 870446 | |
| 650 | 1 | |a Historia de la filosofía |9 256920 | |
| 942 | |2 ddc |c BK | ||
| 952 | |0 0 |1 0 |2 ddc |4 0 |6 107_000000000000000_GOM_2007 |7 0 |8 A |9 582773 |a BIBTEO |b BIBTEO |c GEN |d 2022-04-25 |e Donación |i 5650920 |o 107 GOM 2007 |p 5650920 |r 2025-01-17 |t 1 |w 2022-04-25 |y BK |k ICR | ||